Name a year the country won Eurovision - Statistics

General Stats
  • This quiz has been taken 21 times
  • The average score is 22 of 27
Answer Stats
Hint Answer % Correct
Austria (3) 2025 | 2014 |1966
100%
Norway (3) 2009 | 1995 | 1985
88%
Azerbaijan (1) 2011
88%
Portugal (1) 2017
88%
Israel (4) 2018 | 1998 | 1979 | 1978
88%
Netherlands (5) 2019 | 1975 | 1969 | 1959 | 1957
88%
Italy (3) 2021 | 1990 | 1964
88%
Ukraine (3) 2022 | 2016 | 2004
88%
Sweden (7) 2023 | 2015 | 2012 | 1999 | 1991 | 1984 | 1974
88%
Switzerland (3) 2024 | 1988 | 1956
88%
Ireland (7) 1996 | 1994 | 1993 | 1992 | 1987 | 1980 | 1970
82%
Estonia (1) 2001
82%
Latvia (1) 2002
82%
Turkey (1) 2003
82%
Greece (1) 2005
82%
Finland (1) 2006
82%
Serbia (1) 2007
82%
Russia (1) 2008
82%
Germany (2) 2010 | 1982
82%
Denmark (3) 2013 | 2000 | 1963
82%
Spain (2) 1969 | 1968
71%
France (5) 1977 | 1969 | 1962 | 1960 | 1958
71%
Luxembourg (5) 1983 | 1973 | 1972 | 1965 | 1961
71%
United Kingdom (5) 1997 | 1981 | 1976 | 1969 | 1967
71%
Belgium (1) 1986
65%
Yugoslavia (1) 1989
65%
Monaco (1) 1971
59%
No matching quizzes found
Score Distribution
Percent of People with Each Score
Percentile by Number Answered
Your Score History
You have not taken this quiz